000 00892nam a22002417a 4500
999 _c1285
_d1285
003 AR-CdUCM
008 190226b ||||| |||| 00| 0 spa d
020 _a8425411904
040 _aMUNICIPALIDAD PROVINCIAL DEL CUSCO
_cBIBLIOTECA MUNICIPAL DEL CUSCO
082 _a271.009 /
_bR41
100 _aRenard, Alexandre
_94967
245 _aLas religiosas en la hora de la esperanza /
_cCardenal Alexandre Renard
260 _aBarcelona :
_bHerder,
_c1982.
300 _a115 paginas ;
_c19 cm.
505 _aVocación de la mujer -- Misión de la mujer en el mundo y en la iglesia -- Las religiosas en el mundo de hoy -- Vida religiosa apostólica -- Vida religiosa contemplativa ...
650 _aCristianismo
_92910
650 _aIglesia
_91428
650 _aRadicalismo
_94968
650 _aHumanidad
_94969
650 _aReligiosa
_9116
942 _2ddc
_cLIBROS
945 _aacv
_d2019-02-26